000 01316nam a22002417a 4500
001 3410
003 FISKH
005 20251010131344.0
008 240304b cb ||||| |||| 00| 0 eng d
020 _a9781107685123
040 _aFISKH
_beng
_cFISKH
_dFISKH
050 _aPZ7
082 _a421
100 _aBudgell, Gill
245 _aCambridge primary English stage 2 learner's book /
_cGill Budgell and Kate Ruttle
260 _aNew York :
_bCambridge,
_c2015.
300 _a200 pages :
_bcolor illustrations ;
_c28 cm
520 _aCambridge Primary English is a flexible, endorsed course written specifically to support Cambridge International Examinations' curriculum framework (Stages 1-6). This colourfull Learner's Book includes the following features. Nine thematic units on exciting topics to engage young learners. Activities encouraging learners to actively explore, use and apply their core listening, speaking, reading and writing skills through individual, pair and group work. Lively international fiction, non-fiction and poetry texts which form the basis for teaching reading and writing skills. Language focus boxes throughout which help to teach and reinforce grammar points.
650 _aEnglish Learner
700 _aRuttle, Kate
_eAuthor
942 _2ddc
_cBK
_n0
999 _c3410
_d3410